000 01656nam a22004217a 4500
001 34027
003 BD-RjUL
005 20211209052109.0
008 140512m19971996ii a b 001 0 eng
020 _a8170365252 (India-hb, v.2)
_c: IRs. 265.00
020 _a8170365260 (India-pb, v.2)
020 _a8170365430 (Hb India, v-3)
_c: IRs.325.00
020 _a8170365449 (Pb India, v-3)
020 _a8170366054 (Hb India)
020 _a8170366062 (Pb-India)
035 _a(BD-RjUL)34121
040 _aDLC
_cDLC
_dDLC
_dBD-RjUL
_beng
041 _aeng
082 0 0 _a305.50954
_223
_bSOC 1996 - 1997
245 0 0 _aSocial structure and change /
_ceditors, A.M. Shah, B.S. Baviskar, E.A. Ramaswamy.
260 _aNew Delhi :
_bSage Publications,
_c1996-1997
300 _a v. :
_bill. ;
_c23 cm.
500 _a" In honour of M. N. Srinivas" --p. following t. p.
504 _aIncludes bibliographical references and index.
505 0 _aVol. 2, Women in Indian society -- v. 3, Complex organizations and urban communities -- v. 4, Development and Ethnicity --
650 0 _aSociology
_9103421
_zIndia
650 0 _aSex role
_zIndia
_9220748
650 0 _aWomen
_zIndia
_xSocial Conditions
_9220749
650 0 _aSocial Classes
_zIndia
_9220750
650 0 _aComplex Organizations
_zIndia
_9220751
650 0 _aSociology, Urban
_zIndia
_9220752
651 0 _aIndia
_xSocial conditions.
_9103424
_y1947-
700 1 _aSrinivas, Mysore Narasimhachar.
_965888
700 1 _aShah, A. M.,
_d1931- , ed.
_9103425
700 1 _aBaviskar, B. S.
_q(Baburao Shravan),
_d1931- , jt. ed.
_9103426
700 1 _aRamaswamy, E. A. , jt. ed.
_99488
942 _2ddc
_cBK
999 _c34027
_d34027